00379nam a2200121Ia 4500008004100000040001800041041001200059082001700071100001200088245013700100260000900237300001100246230917s9999||||xx |||||||||||||| ||und|| e5008378aMAIN aEnglish a572.86 T926I aTwinkle 0aIsolation, molecular characterization and enzymatic potential of root nodule bacteria towards improving performance of bioinoculants c2021 a137 p.